Football Teams João Palhinha Played For - Statistics

General Stats
  • This quiz has been taken 19 times
  • The average score is 5 of 7
Answer Stats
League Years Team % Correct
England 2022- Fulham FC
94%
Portugal 2017-2018 Sporting CP
94%
Portugal 2020-2022 Sporting CP
94%
Portugal 2014-2015 Sporting CP B
94%
Portugal 2018-2020 SC Braga
59%
Portugal 2016-2017 CF Os Belenenses
24%
Portugal 2015-2016 Moreirense FC
24%
No matching quizzes found
Score Distribution
Percent of People with Each Score
Percentile by Number Answered
Your Score History
You have not taken this quiz